00357pab a2200133 454500008004000000100001800040245005300058260000900111300001300120362001100133650003600144650002800180773001500208180718b2004 xxu||||| |||| 00| 0 eng d aKamala Prasad aPolitics, power politics and poverty of politics c2004 ap.11-14. a29 May aIndia - Politics and government aPolitics and government aMainstream